| 000 | 00334nam a2200109Ia 4500 | ||
|---|---|---|---|
| 008 | 200302s9999 xx 000 0 und d | ||
| 100 | _aBarry Onouye & Other | ||
| 245 | _aStatics & Strength of Materials for Architecture & Building Construction 3rd ed. | ||
| 260 | _bPrentice Hall International Ltd. | ||
| 260 | _c2007 | ||
| 300 | _a630 P., | ||
| 999 |
_c5025 _d5025 |
||